Countries With Most International Airports - Statistics

General Stats
  • This quiz has been taken 144 times
  • The average score is 13 of 14
Answer Stats
Position No. of International Airports Country % Correct
1. 92 USA
100%
3. 65 China
99%
5. 34 France
98%
10.= 21 Germany
98%
7.= 29 UK
98%
9. 22 Canada
97%
4. 36 Mexico
96%
2. 68 Russia
96%
7.= 29 Spain
96%
8.= 23 Brazil
95%
7.= 29 Italy
94%
6. 33 India
92%
8.= 23 Indonesia
86%
10.= 21 Greece
61%
No matching quizzes found
Score Distribution
Percent of People with Each Score
Percentile by Number Answered
Your Score History
You have not taken this quiz